Defects in buildings: symptoms, investigations, diagnosis and cure (Record no. 101679)
[ view plain ]
| 000 -LEADER | |
|---|---|
| fixed length control field | 00980cam a2200241 4500 |
| 008 - FIXED-LENGTH DATA ELEMENTS--GENERAL INFORMATION | |
| fixed length control field | 010928n2001 000 0 eng u |
| 020 ## - INTERNATIONAL STANDARD BOOK NUMBER | |
| International Standard Book Number | 0117024368 |
| 035 ## - SYSTEM CONTROL NUMBER | |
| System control number | (Sirsi) u114904 |
| 041 ## - LANGUAGE CODE | |
| Language code of text/sound track or separate title | eng |
| 050 ## - LIBRARY OF CONGRESS CALL NUMBER | |
| Classification number | 690.25 |
| 110 ## - MAIN ENTRY--CORPORATE NAME | |
| Corporate name or jurisdiction name as entry element | Carillion Services |
| 9 (RLIN) | 3856 |
| 245 ## - TITLE STATEMENT | |
| Title | Defects in buildings: symptoms, investigations, diagnosis and cure |
| 250 ## - EDITION STATEMENT | |
| Edition statement | 3rd ed |
| 260 ## - PUBLICATION, DISTRIBUTION, ETC. | |
| Place of publication, distribution, etc. | London |
| Name of publisher, distributor, etc. | TSO |
| Date of publication, distribution, etc. | 2001 |
| 300 ## - PHYSICAL DESCRIPTION | |
| Extent | xvi, 488p.: ill. ; 30cm |
| 350 ## - PRICE (NR) (BK AM CF MU VM SE) [OBSOLETE] | |
| Price | 70.00 |
| 520 ## - SUMMARY, ETC. | |
| Summary, etc. | Covers common defects in all principal types of construction. Covers causes of deterioration; durability of materials; principles of diagnosis; investigation techniques; roofs; walls: external and internal; external joinery; floors and ceilings; and services. Includes photographs and diagrams. SUPERSEDES SECOND EDITION (isbn 0116715251) |
| 650 ## - SUBJECT ADDED ENTRY--TOPICAL TERM | |
| Topical term or geographic name entry element | BUILDING DEFECTS |
| 650 ## - SUBJECT ADDED ENTRY--TOPICAL TERM | |
| Topical term or geographic name entry element | DETERIORATION |
| 650 ## - SUBJECT ADDED ENTRY--TOPICAL TERM | |
| Topical term or geographic name entry element | STRUCTURAL DEFECTS |
| 690 ## - LOCAL SUBJECT ADDED ENTRY--TOPICAL TERM (OCLC, RLIN) | |
| Topical term or geographic name as entry element | BUILT ENVIRONMENT-BUILDING PATHOLOGY |
| 942 ## - ADDED ENTRY ELEMENTS (KOHA) | |
| Suppress in OPAC | 0 |
| Withdrawn status | Lost status | Source of classification or shelving scheme | Damaged status | Not for loan | Home library | Current library | Shelving location | Date acquired | Cost, normal purchase price | Total Checkouts | Full call number | Barcode | Date last seen | Date last checked out | Copy number | Cost, replacement price | Price effective from | Koha item type |
|---|---|---|---|---|---|---|---|---|---|---|---|---|---|---|---|---|---|---|
| Dewey Decimal Classification | London | London | Folio | 18/12/2003 | 70.00 | 41 | F690.25 DEF | 30068847 | 27/03/2024 | 25/11/2009 | 1 | 70.00 | 06/08/2019 | Book |